=LDR 00000nam 2200000 4500 =001 INLIS000000000042336 =005 20131008015125 =008 ***********************************Ind** =035 ##$$0010-101300000000258 =041 ##$$a Ind =082 ##$$a 028.5 =090 ##$$a 028.5, Hus b =100 ##$$a Husna Nila Qomara Nurul =245 ##$$a Butterfly Stories, Nila Qomara Nurul Husna =260 ##$$a 2010 $b Bandung =300 ##$$a 144 hlm, ilus, 21cm =650 ##$$a Kreativitas =850 ##$$a NBPNMAT